| 000 | 00583nam a2200157Ia 4500 | ||
|---|---|---|---|
| 001 | 6652 | ||
| 008 | 260622s9999 xx 000 0 und d | ||
| 245 | 0 |
_aالمفهوم التراجيدي و الدراما الحديثية/ _cد. فوزي فهمي أحمد |
|
| 260 | _bمركز الشارقة للإبداع الفكري، دائرة الثقافة والإعلام؛ | ||
| 300 |
_a236p; _c21x14cm |
||
| 490 |
_aمكتبة المسرح؛ _v19 |
||
| 546 | _aArabic | ||
| 650 | _aPN2000-3307 Literature- Dramatic representation. The theater | ||
| 651 | _aArab World | ||
| 942 | _cBK | ||
| 999 |
_c6652 _d6652 |
||